Normale Ansicht
MARC-Ansicht
Eintrag Personenname
001 - Kontrollnummer
- Kontrollfeld: 65265
003 - Kontrollnummer Identifier
- Kontrollfeld:
005 - Datum und Zeit der letzten Transaktion
- Kontrollfeld: 20241205145942.0
008 - Datenelemente mit fester Länge
- Kontrollfeld mit fester Länge: 241205|| aca||aabn | a|a d
040 ## - Katalogisierungsquelle
- Original-Katalogisierungsstelle:
- Übertragungsstelle:
100 ## - Ansetzung - Personenname
- Personenname: Marwecki, Daniel
670 ## - Datenquelle
- Quellenangabe: Work cat.: ()71823: Marwecki, Daniel aut, Absolution?